000 00582nam a2200205 u 4500
005 20240831063742.0
008 111115s2006 es r 000 0 spa d
020 _a8466751955
035 _aUPN01000182550
049 _aI
050 4 _aPZ76.3
_bR8.7
100 1 _aRubio, Antonio
_931958
245 1 0 _aTres cuentos de Urraca /
_cAntonio Rubio ; il. Leticia Ruifernández.
260 _aMadrid :
_bAnaya,
_c2006.
300 _a74 p. :
_bil. col.
440 0 _aSopa de libros ;
_v110
650 4 _aCuentos infantiles españoles
_97725
905 _aInfantil
999 _c154653
_d154653